Advanced journalism / (Record no. 138262)

MARC details
000 -LEADER
fixed length control field 00538nam a22001817a 4500
005 - DATE AND TIME OF LATEST TRANSACTION
control field 20170315103526.0
010 ## - LCCN (DPL NO)
LC control number ENG-117483
020 ## - INTERNATIONAL STANDARD BOOK NUMBER
International Standard Book Number 9789389395327
Terms of availability 675.00
035 ## - SYSTEM CONTROL NUMBER
System control number EN-101015
037 ## - SOURCE OF ACQUISITION
Source of stock number/acquisition DBAD/PUB
082 ## - DEWEY DECIMAL CLASSIFICATION NUMBER
Classification number 070.4
100 ## - MAIN ENTRY--PERSONAL NAME
Personal name Kohli, Manish
245 ## - TITLE STATEMENT
Title Advanced journalism /
Statement of responsibility, etc by Manish Kohli
260 ## - PUBLICATION, DISTRIBUTION, ETC. (IMPRINT)
Place of publication, distribution, etc Allahbad
Name of publisher, distributor, etc Sampark prakashan
Date of publication, distribution, etc 2016
270 ## - ADDRESS
Address 5/7, Upendra Nath Ashk Marg, Old khusro Bagh Road
City Allahbad
Postal code 211001
300 ## - PHYSICAL DESCRIPTION
Extent 224p.
Other physical details 23cm(Hb)
Dimensions ill
942 ## - ADDED ENTRY ELEMENTS (KOHA)
Source of classification or shelving scheme Dewey Decimal Classification
Item type English Books
Classification part 070.4
Call number suffix KOH
Holdings
Withdrawn status Lost status Not for loan Collection code Home library Current library Date acquired Source of acquisition Cost, normal purchase price Full call number Barcode Copy number Cost, replacement price Koha item type
    Not For Loan Non-fiction D.B.Act.Division Bawana 15/03/2017 DBAD/PUB 675.00 070.4 KOH EN-101015 1 675.00 English Books

© Delhi Public Library
Hit Counter
free hit counter